000 00237nam a22001097a 4500
082 _a624.1760212YOU
100 _aYoung C Warren
245 _aFormulas for stress and strain
260 _bMcGrwa Hill
_c1975
300 _a624
942 _cBK
999 _c12324
_d12324